Súčasné ekonomické problémy transformujúcej sa ekonomiky medzinárodný seminár

Guardado en:
Detalles Bibliográficos
Otros Autores: Chajdiak, Jozef
Formato: Libro
Lenguaje:eslovaco
checo
Publicado: Bratislava Slovenská štatistická a demografická spoločnosť 1998
Materias:
Etiquetas: Agregar Etiqueta
Sin Etiquetas, Sea el primero en etiquetar este registro!

MARC

LEADER 00000nam a2200000 4500
001 c117654
005 20221123133512.1
020 |a 80-967658-5-X 
041 0 |a slo 
041 0 |a cze 
044 |a SK 
245 1 0 |a Súčasné ekonomické problémy transformujúcej sa ekonomiky  |b medzinárodný seminár  |c [Zostav. Jozef Chajdiak] 
264 1 |a Bratislava  |b Slovenská štatistická a demografická spoločnosť  |c 1998 
300 |a 40 s. 
610 2 0 |a transformácia 
610 2 0 |a analýza finančná 
610 2 0 |a analýza ekonomická 
610 2 0 |a informácie štatistické 
610 2 0 |a vývoj hospodársky 
610 2 0 |a makroekonomika 
610 2 0 |a stredná Európa 
610 2 0 |a Slovensko 
700 1 |a Chajdiak, Jozef